Arte en lengua mixteca / (Record no. 163411)
[ view plain ]
| 000 -LEADER | |
|---|---|
| campo de control de longitud fija | 01062nam a2200229 i 4500 |
| 001 - NÚMERO DE CONTROL | |
| campo de control | 163411 |
| 003 - IDENTIFICADOR DE NÚMERO DE CONTROL | |
| campo de control | ES-MaACL |
| 005 - FECHA Y HORA DE LA ÚLTIMA TRANSACCIÓN | |
| campo de control | 20251011063145.0 |
| 008 - DATOS DE LONGITUD FIJA--INFORMACIÓN GENERAL | |
| campo de control de longitud fija | 050721s1889 fr | |||||||| ||spa d |
| 100 1# - ENTRADA PRINCIPAL--NOMBRE DE PERSONA | |
| Nombre de persona | Reyes, Antonio de los, |
| Títulos y otros términos asociados al nombre | (O.P.) |
| 9 (RLIN) | 131754 |
| 245 10 - MENCIÓN DEL TÍTULO | |
| Título | Arte en lengua mixteca / |
| Mención de responsabilidad, etc. | compuesta por el Padre Fray Antonio de los Reyes, de la orden de Predicadores, vicario de Tepuzculula ; publié par le Comte H. de Charencey. |
| 260 ## - PUBLICACIÓN, DISTRIBUCIÓN, ETC. | |
| Lugar de publicación, distribución, etc. | [Alençon : |
| Nombre del editor, distribuidor, etc. | s.n., |
| Fecha de publicación, distribución, etc. | 1889] ( |
| Fabricante | Typ. E. Renaut-de Broise) |
| 300 ## - DESCRIPCIÓN FÍSICA | |
| Extensión | [6], VIII, 96 p. ; |
| Dimensiones | 22 cm. |
| 530 ## - NOTA DISPONIBLE DE FORMULARIO FÍSICO ADICIONAL | |
| Nota de formato físico adicional disponible | Disponible en formato digital. |
| 534 ## - NOTA SOBRE LA VERSIÓN ORIGINAL | |
| Frase introductoria | Reprod. facsímil de la ed. de: |
| Publicación, distribución, etc. del original | México: en casa de Pedro Balli, 1593. |
| 650 #4 - PUNTO DE ACCESO ADICIONAL DE MATERIA--TÉRMINO DE MATERIA | |
| Término de materia o nombre geográfico como elemento de entrada | Lengua mixteca. |
| 9 (RLIN) | 136366 |
| 650 #4 - PUNTO DE ACCESO ADICIONAL DE MATERIA--TÉRMINO DE MATERIA | |
| Término de materia o nombre geográfico como elemento de entrada | Indios de México- |
| Subdivisión general | Lenguas. |
| 9 (RLIN) | 13697 |
| 700 1# - ENTRADA AGREGADA--NOMBRE PERSONAL | |
| Nombre de persona | Charencey, Hyacinthe de ( |
| Fechas asociadas al nombre | 1832-1916) |
| 9 (RLIN) | 155471 |
| 852 ## - LOCALIZACIÓN | |
| Ubicación | ES-MaACL |
| Número de control de estantería | G-2662(3) |
| Nota libre | - Enc. hol., falto de cub. original |
| -- | - Enc. en un vol. facticio |
| 856 ## - LOCALIZACIÓN Y ACCESO ELECTRÓNICOS | |
| Identificador Uniforme de Recursos | <a href="https://archive.org/details/arteenlenguamixt00reye ">https://archive.org/details/arteenlenguamixt00reye </a> |
| Nota pública | Internet Archive |
| Estatus retirado | Estado de pérdida | Estado de daño | No para préstamo | Colección | Biblioteca de origen | Biblioteca actual | Ubicación en estantería | Fecha de adquisición | Total de préstamos | Signatura topográfica completa | Código de barras | Visto por última vez | Precio de reemplazo | Tipo de ítem Koha |
|---|---|---|---|---|---|---|---|---|---|---|---|---|---|---|
| Colección digital | Biblioteca del Ateneo de Madrid | Biblioteca del Ateneo de Madrid | Depósito 2 | 17/01/2008 | G-2662(3) | 1171240 | 23/02/2023 | 23/02/2023 | Libro impreso antiguo |
